Sports Quiz

Random Sports or NFL Quiz
Score 0/32 Timer 03:00
0 Plays Today
Team Coach % Correct
San FranciscoJim Harbaugh
91.2%
BaltimoreJohn Harbaugh
90.5%
AtlantaMike Smith
87.2%
New York JetsRex Ryan
87.2%
PhiladelphiaChip Kelly
84.5%
SeattlePete Carroll
83.8%
New York GiantsTom Coughlin
82.4%
Tampa BayLovie Smith
81.8%
ArizonaBruce Arians
81.1%
ChicagoMarc Trestman
79.7%
PittsburghMike Tomlin
79.7%
Green BayMike McCarthy
78.4%
New OrleansSean Payton
78.4%
DetroitJim Caldwell
77.7%
WashingtonJay Gruden
77.7%
New EnglandBill Belichick
76.4%
Team Coach % Correct
DallasJason Garrett
75.7%
Kansas CityAndy Reid
75.7%
CarolinaRon Rivera
75%
St. LouisJeff Fisher
71.6%
DenverJohn Fox
71.6%
CincinnatiMarvin Lewis
70.3%
BuffaloDoug Marrone
64.9%
ClevelandMike Pettine
64.2%
IndianapolisChuck Pagano
60.1%
MiamiJoe Philbin
58.1%
MinnesotaMike Zimmer
56.1%
HoustonBill O'Brien
53.4%
San DiegoMike McCoy
45.9%
JacksonvilleGus Bradley
45.3%
TennesseeKen Whisenhunt
45.3%
OaklandTony Sparano
42.6%
Remove Ads.
Support Sporcle.
Get the best of Sporcle when you Go Orange. This ad-free experience offers more features, more stats, and more fun while also helping to support Sporcle. Thank you for becoming a member.

You're not logged in!

Compare scores with friends on all Sporcle quizzes.
OR
Log In

Show Comments

Extras

Created Jan 2, 2015ReportNominate
Tags:NFL Quiz, 2014, coach, team

Top Quizzes Today


Score Distribution

Your Account Isn't Verified!

In order to create a playlist on Sporcle, you need to verify the email address you used during registration. Go to your Sporcle Settings to finish the process.

Report this User

Report this user for behavior that violates our Community Guidelines.

Details: